| 000 | 00650nam a2200217 i 4500 | ||
|---|---|---|---|
| 001 | 57577 | ||
| 003 | ES-MaACL | ||
| 005 | 20230906163614.0 | ||
| 007 | t| | ||
| 008 | 031017s1968 sp ||||1| spa d | ||
| 100 | 1 |
_aDroz, Jacques ( _d1909-1998) _945673 |
|
| 245 | 1 | 0 |
_aHistoria del socialismo / _cJacques Droz ; [traducción de Jordi Marfá]. |
| 260 |
_aBarcelona : _bEdima, _c[1968] |
||
| 300 |
_a386 p. ; _c21 cm. |
||
| 490 | 1 | _aHistoria inmediata | |
| 650 | 4 |
_aSocialismo- _xHistoria. _9135485 |
|
| 700 | 1 |
_aMarfà, Jordi. _976598 |
|
| 830 | 0 |
_aHistoria inmediata _9177697 |
|
| 852 |
_aES-MaACL _jC-49842 _bR.68034 |
||
| 999 |
_c57577 _d57577 |
||